Strategia Nazionale LGBT (Estratto)
Uloženo v:
| Korporace: | , |
|---|---|
| Médium: | Kniha |
| Jazyk: | angličtina |
| Vydáno: |
Roma
UNAR
2013
|
| Tagy: |
Žádné tagy, Buďte první, kdo vytvoří štítek k tomuto záznamu!
|
MARC
| LEADER | 00000nam a2200000 4500 | ||
|---|---|---|---|
| 005 | 20240605175242.0 | ||
| 008 | 240605b |||||||| |||| 00| 0 eng d | ||
| 040 | |c GP | ||
| 110 | |a UNAR | ||
| 245 | |a Strategia Nazionale LGBT (Estratto) | ||
| 260 | |a Roma |b UNAR |c 2013 | ||
| 710 | |a Ministero per le Pari Opportunità | ||
| 942 | |2 ddc |c BK |n 0 | ||
| 952 | |0 0 |1 0 |2 ddc |4 0 |6 306_776200000000000_UNA |7 1 |9 1354 |a RM |b RM |d 2024-06-05 |l 0 |o 306.7762 UNA |p 185 |r 2024-06-05 17:53:03 |w 2024-06-05 |y BK | ||
| 999 | |c 1244 |d 1244 | ||